000
00192 a2200097 4500
020
_a
9780939729258
041
_a
spa
100
_a
Joe Hayes
245
_a
Donde hay Ganas hay Maąs
942
_c
K
999
_c
31381
_d
31379